One Piece par la lettre N - Statistiques

Statistiques générales
  • Ce quiz a été pris 240 fois
  • Le résultat moyen est 10 sur 15
Statistiques - réponses
Indice Réponse % Correct
Première femme à rejoindre Luffy Nami
100%
Barbe blanche Newgate
92%
Roi de l'île des hommes-poissons Neptune
88%
Rôle de Bepo et Laffitte sur leurs bateaux Navigateur
86%
La famille royale d'Alabasta Néfertari
83%
Élément de Monet Neige
81%
Considéré comme Dieu du soleil par certains esclaves Nika
77%
Chapeau de Big Mom Napoléon
75%
Soeur d'une des membres de l'équipage au chapeau de paille Nojiko
68%
Le menteur Norland
59%
Fourreau rouge Nekomamushi
48%
Ancienne impératrice d'Amazon Lily Nyon
48%
Homme-poisson de l'équipage de Barbe blanche Namur
33%
Agent du CP9 Nero
29%
Serpent géant Nola
24%
Aucun quiz correspondant
Distribution des résultats
% des personnes avec chaque résultat
Percentile par nombre de réponses
Votre historique - résultats
Vous n’avez pas pris ce quiz